COMPANY LAW WITH SECRETARIAL PRACTICES I (Record no. 20815)

MARC details
000 -LEADER
fixed length control field 00374nam a2200145Ia 4500
008 - FIXED-LENGTH DATA ELEMENTS--GENERAL INFORMATION
fixed length control field 240624s9999 xx 000 0 und d
041 ## - LANGUAGE CODE
Language code of text/sound track or separate title eng
082 ## - DEWEY DECIMAL CLASSIFICATION NUMBER
Classification number 346.07 GHO
100 ## - MAIN ENTRY--PERSONAL NAME
Personal name GHOSH K M
245 ## - TITLE STATEMENT
Title COMPANY LAW WITH SECRETARIAL PRACTICES I
250 ## - EDITION STATEMENT
Edition statement (14th ed.)
260 ## - PUBLICATION, DISTRIBUTION, ETC.
Date of publication, distribution, etc. 2012
Place of publication, distribution, etc. New Delhi
Name of publisher, distributor, etc. Bharat Law House Pvt. Ltd.
300 ## - PHYSICAL DESCRIPTION
Extent 3772 : p.
365 ## - TRADE PRICE
Currency code RS
Price amount 15
Holdings
Withdrawn status Lost status Damaged status Not for loan Home library Current library Shelving location Date acquired Cost, normal purchase price Full call number Barcode Date last seen Copy number Price effective from Koha item type
        IMTN IMTN Rack 13-B 12/18/2012 1995.00 346.07 GHO 20815 06/24/2024 1 06/24/2024 Books
Designed & Maintained by: LRC IMT Nagpur Contact: lrc@imtnag.ac.in© 2024. All Rights Reserved.